Catálogo

Cuestiones cuánticas : (Registro nro. 27612)

Detalles MARC
000 -LEADER
fixed length control field 01304cam a2200349 i 4500
001 - CONTROL NUMBER
control field 27612
003 - CONTROL NUMBER IDENTIFIER
control field Mx-PuUPA
005 - DATE AND TIME OF LATEST TRANSACTION
control field 20250207142625.0
008 - FIXED-LENGTH DATA ELEMENTS--GENERAL INFORMATION
fixed length control field 140415s1998 sp gr 000 0 spa d
017 ## - COPYRIGHT OR LEGAL DEPOSIT NUMBER
Copyright or legal deposit number B-4.013/1998
020 ## - INTERNATIONAL STANDARD BOOK NUMBER
International Standard Book Number 9786078154159
040 ## - CATALOGING SOURCE
Transcribing agency Mx-PuUPA
Original cataloging agency Mx-PuUPA
Language of cataloging spa
Modifying agency Mx-PuUPA
Description conventions rda
041 1# - LANGUAGE CODE
Language code of text/sound track or separate title spa
Language code of original eng
240 10 - UNIFORM TITLE
Uniform title Quantum questions.
Language of a work Español
245 00 - TITLE STATEMENT
Title Cuestiones cuánticas :
Remainder of title escritos místicos de los físicos más famosos del mundo /
Statement of responsibility, etc. edición a cargo de Ken Wilber ; traducción Pedro de Casso
250 ## - EDITION STATEMENT
Edition statement Quinta edición /
Remainder of edition statement marzo
264 #1 - PRODUCTION, PUBLICATION, DISTRIBUTION, MANUFACTURE, AND COPYRIGHT NOTICE
Place of production, publication, distribution, manufacture Barcelona :
Name of producer, publisher, distributor, manufacturer Editorial Kairós,
Date of production, publication, distribution, manufacture, or copyright notice 1998
300 ## - PHYSICAL DESCRIPTION
Extent 298 páginas ;
Dimensions 20 cm
336 ## - CONTENT TYPE
Fuente rdacontent
Content type term texto
Content type code txt
337 ## - MEDIA TYPE
Source rdamedia
Media type term sin medio
Media type code n
338 ## - CARRIER TYPE
Source rdacarrier
Carrier type term volumen
Carrier type code nc
490 0# - SERIES STATEMENT
Series statement Colección Nueva Ciencia
500 ## - GENERAL NOTE
General note "W. Heisenberg, E. Schrödinger, A. Einstein, sir J. Jeans, M. Planck, W. Pauli, sir A. Eddington". -- Cubierta, portada.
650 #7 - SUBJECT ADDED ENTRY--TOPICAL TERM
Source of heading or term armarc
Topical term or geographic name entry element Ciencia y religión
General subdivision Filosofía
650 #7 - SUBJECT ADDED ENTRY--TOPICAL TERM
Source of heading or term armarc
Topical term or geographic name entry element Teología
General subdivision Física cuántica
700 1# - ADDED ENTRY--PERSONAL NAME
Personal name Wilber, Ken,
Relator term editor
9 (RLIN) 52
700 1# - ADDED ENTRY--PERSONAL NAME
Personal name Casso, Pedro de,
Relator term traductor
765 0# - ORIGINAL LANGUAGE ENTRY
Main entry heading Wilber, Ken,
Title Quantum questions.
942 ## - ADDED ENTRY ELEMENTS (KOHA)
Source of classification or shelving scheme Dewey Decimal Classification
Koha item type Libro
Classification part 215
Item part C65
Existencias
Withdrawn status Lost status Source of classification or shelving scheme Damaged status Not for loan Collection code Home library Current library Shelving location Date acquired Source of acquisition Total Checkouts Full call number Barcode Date last seen Price effective from Koha item type
    Dewey Decimal Classification     General Centro de Estudios en Ciencia y Religión Centro de Estudios en Ciencia y Religión Sala general 03/12/2013 Compra   215 C65 1998 63412 05/01/2026 03/12/2013 Libro